000 00579cam a22002053a 4500
001 46042
003 PGUSA
005 20140828084057.0
008 140620s2014||||xxu|||||s|||||000 | eng d
040 _aPGUSA
_beng
042 _adc
100 1 _aMcManus, Blanche,
_d1869-1935
245 1 0 _aOur Little Arabian Cousin
_h[electronic resource] /
_cBlanche McManus
260 _bProject Gutenberg,
_c2014
506 _aPublic domain in the USA.
516 _aElectronic text
830 0 _aProject Gutenberg
_v46042
856 4 0 _uhttp://www.gutenberg.org/ebooks/46042
942 _cEB
999 _c275291
_d275291